Repensar la dignidad humana / (Record no. 146014)

MARC details
000 -CABECERA
campo de control de longitud fija 00782nam a2200241 u 4500
005 - FECHA Y HORA DE LA ÚLTIMA TRANSACCIÓN
campo de control 20241109063730.0
008 - ELEMENTOS DE LONGITUD FIJA--INFORMACIÓN GENERAL
campo de control de longitud fija 091123s2005 r 000 0 eng d
020 ## - NÚMERO INTERNACIONAL NORMALIZADO PARA LIBROS
Número Internacional Estándar del Libro 8497431510
035 ## - NÚMERO DE CONTROL DEL SISTEMA
Número de control de sistema UPN01000173910
049 ## - COLECCIÓN
Colección CG
050 #4 - SIGNATURA TOPOGRÁFICA DE LA BIBLIOTECA DEL CONGRESO
Número de clasificación BD450
Número de documento/Ítem M3.7
100 1# - ASIENTO PRINCIPAL--NOMBRE PERSONAL
Nombre de persona Martínez, Julio
245 10 - MENCIÓN DE TÍTULO
Título Repensar la dignidad humana /
Mención de responsabilidad, etc. Julio Martínez, Catherine Perrotin, Francesc Torralba ; pról. de Monseñor Joan-Enric Vives.
260 ## - PUBLICACIÓN, DISTRIBUCIÓN, ETC.
Lugar de publicación, distribución, etc. Lleida, Esp. :
Nombre del editor, distribuidor, etc. Milenio,
Fecha de publicación, distribución, etc. 2005.
300 ## - DESCRIPCIÓN FÍSICA
Extensión 193 p.
440 #0 - MENCIÓN DE SERIE/ASIENTO SECUNDARIO--TÍTULO
Título Ensayo.
Nombre de parte o sección de la obra Milenio ;
Designación de volumen o secuencia 22
650 #4 - ASIENTO SECUNDARIO DE MATERIA - TERMINO TEMATICO
Término de materia o nombre geográfico como elemento de entrada Antropología filosófica
9 (RLIN) 4784
650 #2 - ASIENTO SECUNDARIO DE MATERIA - TERMINO TEMATICO
Término de materia o nombre geográfico como elemento de entrada Dignidad
9 (RLIN) 15329
650 #4 - ASIENTO SECUNDARIO DE MATERIA - TERMINO TEMATICO
Término de materia o nombre geográfico como elemento de entrada Derechos humanos
9 (RLIN) 5797
700 1# - ASIENTO SECUNDARIO--NOMBRE DE PERSONAL
Nombre de persona Perrotin, Catherine,
Término indicativo de función/relación coaut.
700 1# - ASIENTO SECUNDARIO--NOMBRE DE PERSONAL
Nombre de persona Torralba Roselló, Francesc,
Fechas asociadas al nombre 1967-
Término indicativo de función/relación coaut.
9 (RLIN) 30462
905 ## - TIPO DE MATERIAL
Tipo de material Libro
Holdings
Estado de retiro Estado de pérdida Fuente del sistema de clasificación o colocación Estado dañado No para préstamo Código de colección Localización permanente Ubicación/localización actual Ubicación en estantería Total de préstamos Clasificación Código de barras Fecha visto por última vez Número de copia Tipo de ítem Koha
    Library of Congress Classification     Colección General Bib. Gregorio Torres Quintero Bib. Gregorio Torres Quintero Planta baja   BD450 M3.7 268896 31/12/2020 1 Libro
    Library of Congress Classification     Colección General Bib. Gregorio Torres Quintero Bib. Gregorio Torres Quintero Planta baja 2 BD450 M3.7 268895 31/12/2020 1 Libro